<?xml version="1.0" encoding="UTF-8"?>
<collection xmlns:xsi="http://www.w3.org/2001/XMLSchema-instance" xsi:schemaLocation="http://www.loc.gov/MARC21/slim http://www.loc.gov/standards/marcxml/schema/MARC21slim.xsd" xmlns="http://www.loc.gov/MARC21/slim">
 <record>
  <leader>00000nam a2200000 a 4500</leader>
  <controlfield tag="001">000511708</controlfield>
  <controlfield tag="005">20170322084610.0</controlfield>
  <controlfield tag="008">160808s2016    xo     e      001 0 slo d</controlfield>
  <datafield tag="020" ind1=" " ind2=" ">
   <subfield code="a">9788081820212 (brož.)</subfield>
  </datafield>
  <datafield tag="040" ind1=" " ind2=" ">
   <subfield code="a">SVKKK</subfield>
   <subfield code="b">slo</subfield>
   <subfield code="c">SVKKK</subfield>
   <subfield code="e">AACR2</subfield>
  </datafield>
  <datafield tag="041" ind1="0" ind2=" ">
   <subfield code="a">slo</subfield>
   <subfield code="h">ger</subfield>
  </datafield>
  <datafield tag="044" ind1=" " ind2=" ">
   <subfield code="a">xo</subfield>
   <subfield code="c">SK</subfield>
  </datafield>
  <datafield tag="072" ind1=" " ind2="7">
   <subfield code="a">159.9</subfield>
   <subfield code="x">Psychológia</subfield>
   <subfield code="2">konspekt</subfield>
  </datafield>
  <datafield tag="080" ind1=" " ind2=" ">
   <subfield code="a">159.913</subfield>
   <subfield code="2">2011</subfield>
  </datafield>
  <datafield tag="080" ind1=" " ind2=" ">
   <subfield code="a">613.86</subfield>
   <subfield code="2">2011</subfield>
  </datafield>
  <datafield tag="080" ind1=" " ind2=" ">
   <subfield code="a">331.44</subfield>
   <subfield code="2">2011</subfield>
  </datafield>
  <datafield tag="080" ind1=" " ind2=" ">
   <subfield code="a">17.02</subfield>
   <subfield code="2">2011</subfield>
  </datafield>
  <datafield tag="080" ind1=" " ind2=" ">
   <subfield code="a">(035)</subfield>
   <subfield code="2">2011</subfield>
  </datafield>
  <datafield tag="100" ind1="1" ind2=" ">
   <subfield code="a">Schnabel, Ulrich,</subfield>
   <subfield code="d">1962-</subfield>
  </datafield>
  <datafield tag="240" ind1="1" ind2="0">
   <subfield code="a">Musse. Vom Glueck des Nichtstuns.</subfield>
   <subfield code="l">Slovensky</subfield>
  </datafield>
  <datafield tag="245" ind1="1" ind2="0">
   <subfield code="a">Veget :</subfield>
   <subfield code="b">umenie ničnerobenia /</subfield>
   <subfield code="c">Ulrich Schnabel ; [preklad z nemeckého originálu Dora Kulová].</subfield>
  </datafield>
  <datafield tag="246" ind1="3" ind2="3">
   <subfield code="a">Umenie ničnerobenia</subfield>
  </datafield>
  <datafield tag="250" ind1=" " ind2=" ">
   <subfield code="a">1. vyd.</subfield>
  </datafield>
  <datafield tag="260" ind1=" " ind2=" ">
   <subfield code="a">[Bratislava] :</subfield>
   <subfield code="b">Citadella,</subfield>
   <subfield code="c">2016.</subfield>
  </datafield>
  <datafield tag="300" ind1=" " ind2=" ">
   <subfield code="a">295 s. ;</subfield>
   <subfield code="c">19 cm.</subfield>
  </datafield>
  <datafield tag="500" ind1=" " ind2=" ">
   <subfield code="a">Preklad z nem. orig.</subfield>
  </datafield>
  <datafield tag="500" ind1=" " ind2=" ">
   <subfield code="a">Údaj o prekl. prevzatý z rubu titul. strany</subfield>
  </datafield>
  <datafield tag="504" ind1=" " ind2=" ">
   <subfield code="a">Bibliografia: s. 275-291; register: s. 292-295</subfield>
  </datafield>
  <datafield tag="650" ind1="0" ind2="7">
   <subfield code="a">psychohygiena</subfield>
   <subfield code="2">SVKKKPH</subfield>
  </datafield>
  <datafield tag="650" ind1="0" ind2="7">
   <subfield code="a">zvládanie stresu</subfield>
   <subfield code="2">SVKKKPH</subfield>
  </datafield>
  <datafield tag="650" ind1="0" ind2="7">
   <subfield code="a">relaxačné metódy</subfield>
   <subfield code="2">SVKKKPH</subfield>
  </datafield>
  <datafield tag="650" ind1="0" ind2="7">
   <subfield code="a">stres z povolania</subfield>
   <subfield code="2">SVKKKPH</subfield>
  </datafield>
  <datafield tag="650" ind1="0" ind2="7">
   <subfield code="a">životná harmónia</subfield>
   <subfield code="2">SVKKKPH</subfield>
  </datafield>
  <datafield tag="655" ind1=" " ind2="7">
   <subfield code="a">príručky</subfield>
   <subfield code="2">SVKKKPH</subfield>
  </datafield>
  <datafield tag="700" ind1="1" ind2=" ">
   <subfield code="a">Kulová, Dora</subfield>
   <subfield code="4">trl</subfield>
  </datafield>
  <datafield tag="765" ind1="0" ind2=" ">
   <subfield code="t">Musse. Vom Glueck des Nichtstuns. Slovensky</subfield>
   <subfield code="a">Schnabel, Ulrich, 1962-</subfield>
  </datafield>
  <datafield tag="910" ind1=" " ind2=" ">
   <subfield code="a">svkkk</subfield>
  </datafield>
  <datafield tag="919" ind1=" " ind2=" ">
   <subfield code="a">978-80-8182-021-2</subfield>
  </datafield>
  <datafield tag="998" ind1=" " ind2=" ">
   <subfield code="a">BK</subfield>
  </datafield>
  <datafield tag="090" ind1=" " ind2=" ">
   <subfield code="g">SCKHL</subfield>
   <subfield code="k">Sklad Hlavná 10 prízemie</subfield>
   <subfield code="a">I.83644</subfield>
   <subfield code="j">1074287</subfield>
   <subfield code="i">2720352118</subfield>
   <subfield code="s">Absenčne</subfield>
  </datafield>
 </record>
</collection>
